| 000 | 00580nam a22001817a 4500 | ||
|---|---|---|---|
| 005 | 20140310181718.0 | ||
| 008 | 130228t xxu||||| |||| 00| 0 eng d | ||
| 020 | _a978-0-7614-5510-3 ( 0761455108 ) | ||
| 050 |
_aDS 247.T88 _b.B461 2009 |
||
| 100 | _aBenesh, Gina Crocetti. | ||
| 245 |
_aUnited Arab Emirates _ba survival guide to customs and etiquette _cCrocetti, Gina L. |
||
| 250 | _a[New ed.] | ||
| 260 |
_aTarrytown, N.Y. : _bMarshall Cavendish, _c2009. |
||
| 300 |
_a262 p. : _bill. (some col.), maps ; _c21cm. |
||
| 521 | _aTOU | ||
| 942 |
_2lcc _cBK _kFOR |
||
| 999 |
_c1898 _d1898 |
||